000 00697nam a2200217 a 4500
001 000042549
005 20201002040228.0
008 131211s2007 sp 000 0 spa d
020 _a9788498156850
040 _aDO-SdBNP
_bspa
_cBNPHU
041 1 7 _aspa
_heng
082 _axxx
_bxxx
100 1 _aDumas, Alexandre,
_d1802-1870.
_93715
240 1 0 _aLes tombeaux de Saint-Denis. les deux étudiants
245 1 4 _aLas tumbas de Saint-Denis y otros relatos /
_cAlejandro Dumas ; traducción, Mauro Armiño.
260 _aMadrid :
_bEl País,
_c2007.
300 _a79 p. ;
_c19 cm.
490 1 _aRelatos breves
_v01
700 1 2 _aArmiño, Mauro
_etr.
_913314
830 0 _aRelatos breves ;
_n01
_969791
999 _c42038
_d42038